Caen ou Cannes - Statistiques

Statistiques générales
  • Ce quiz a été pris 675 fois
  • Le résultat moyen est 9 sur 10
Statistiques - réponses
Question Réponse % Correct
Dans le Calvados Caen
99%
Mes habitants sont les Caennais Caen
99%
Dans les Alpes Maritimes Cannes
99%
Mes habitants sont les Cannois Cannes
99%
Zinedine Zidane y a joué de 1988 à 1992 AS Cannes
91%
Préfecture de mon département Caen
91%
Jumelée avec Madrid Cannes
87%
Jumelée avec Nashville Caen
82%
La plus proche de Clermont-Ferrand Cannes
76%
La plus peuplée des deux Caen
63%
Aucun quiz correspondant
Distribution des résultats
% des personnes avec chaque résultat
Percentile par nombre de réponses
Votre historique - résultats
Vous n’avez pas pris ce quiz